[Event "4NCL 2014-15"]
[Site "Hinckley Island ENG"]
[Date "2014.11.15"]
[Round "1.136"]
[White "Duncan, Chris R"]
[Black "Wadsworth, Matthew J"]
[Result "1-0"]
[WhiteTitle "FM"]
[WhiteElo "2336"]
[BlackElo "2064"]
[WhiteTeam "Blackthorne Russia"]
[BlackTeam "Guildford 2"]
[WhiteFideId "403091"]
[BlackFideId "415804"]
[EventDate "2014.11.15"]

1. Nf3 d5 2. d4 Nf6 3. c4 c6 4. e3 Bg4 5. Qb3 Qb6 6. Nc3 e6 7. Be2 Nbd7 8. O-O
Be7 9. Bd2 O-O 10. Rac1 Rad8 11. Rfd1 Ne4 12. Be1 Nxc3 13. Bxc3 Qc7 14. cxd5
exd5 15. Bb4 Nf6 16. Rc2 Rfe8 17. Qa3 Bxb4 18. Qxb4 Ne4 19. Qa3 Qb8 20. b4 Bxf3
21. Bxf3 Nd6 22. Qb3 Nc4 23. a4 b5 24. axb5 cxb5 25. Ra2 f5 26. g3 Rd7 27. Rda1
Re6 28. Qd3 g6 29. Kg2 Kg7 30. h4 Rf6 31. Qe2 Qb6 32. Qd3 a6 33. h5 Qd6 34. Qb1
Ra7 35. hxg6 hxg6 36. Qh1 g5 37. Qh5 g4 38. Be2 Raf7 39. Rh1 Kf8 40. Qh8+ Ke7
41. Qa8 Qc6 42. Qa7+ Kf8 43. Qb8+ Ke7 44. Rh8 Rf8 45. Rxf8 Rxf8 46. Qa7+ Qd7 47.
Qc5+ Kf7 48. Rxa6 Rc8 49. Ra7 Rxc5 50. Rxd7+ Ke6 51. Rb7 Rc6 52. Rxb5 Nd6 53.
Rc5 Rb6 54. b5 Rb8 55. Bd3 Ne4 56. Rc6+ Kd7 57. Bxe4 fxe4 58. Rg6 Rxb5 59. Rxg4
Ke6 60. Rg5 Rb2 61. Re5+ Kd6 62. g4 1-0

[Event "4NCL 2014-15"]
[Site "Hinckley Island ENG"]
[Date "2014.11.15"]
[Round "1.137"]
[White "Wall, Gavin"]
[Black "Ledger, Dave J"]
[Result "1-0"]
[WhiteTitle "IM"]
[BlackTitle "FM"]
[WhiteElo "2321"]
[BlackElo "2268"]
[WhiteTeam "Guildford 2"]
[BlackTeam "Blackthorne Russia"]
[WhiteFideId "2501244"]
[BlackFideId "401986"]
[EventDate "2014.11.15"]

1. e4 e5 2. Nf3 Nc6 3. Bc4 Bc5 4. c3 Nf6 5. d3 O-O 6. b4 Bb6 7. a4 a6 8. Bg5 h6
9. Bh4 d6 10. Nbd2 Qe7 11. O-O Bg4 12. h3 Be6 13. Kh1 Kh8 14. Qe2 g5 15. Bg3 Rg8
16. Bxe6 Qxe6 17. Nc4 Ba7 18. b5 Ne7 19. Rab1 Nd7 20. bxa6 bxa6 21. Rb7 Rgc8 22.
d4 exd4 23. Nxd4 Bxd4 24. cxd4 f5 25. f3 f4 26. Bf2 h5 27. Re1 d5 28. Qb2 Rab8
29. Ne5 Nb6 30. Rxb8 Rxb8 31. Qc2 c6 32. Rb1 Nd7 33. Rxb8+ Nxb8 34. Qc5 Kg7 35.
Qa7 Qd6 36. Be1 c5 37. Bc3 c4 38. Qb7 dxe4 39. Bb4 Qe6 40. Bxe7 1-0

[Event "4NCL 2014-15"]
[Site "Hinckley Island ENG"]
[Date "2014.11.15"]
[Round "1.138"]
[White "Atkins, Rita"]
[Black "Kalaiyalahan, Akshaya"]
[Result "1/2-1/2"]
[WhiteTitle "WIM"]
[WhiteElo "2130"]
[BlackElo "2092"]
[WhiteTeam "Blackthorne Russia"]
[BlackTeam "Guildford 2"]
[WhiteFideId "408050"]
[BlackFideId "422894"]
[EventDate "2014.11.15"]

1. d4 d5 2. Bf4 Nf6 3. e3 Bf5 4. Nd2 c6 5. c4 e6 6. Qb3 Qc8 7. Ngf3 Nbd7 8. Be2
Be7 9. O-O h6 10. h3 O-O 11. Rac1 Ne4 12. Nxe4 Bxe4 13. Nd2 Bh7 14. Bf3 Nf6 15.
Be5 Qd7 16. Rfe1 a5 17. a3 a4 18. Qd1 Rfd8 19. c5 Ra5 20. Nb1 Bxb1 21. Rxb1 Nh7
22. b4 axb3 23. Qxb3 Ra7 24. Qb6 Rda8 25. Re2 Bd8 26. Qb3 Ng5 27. Reb2 Nxf3+ 28.
gxf3 Qe7 29. Kh2 f6 30. Bd6 Bc7 31. Bxc7 Qxc7+ 32. Kg2 Kh8 33. Qc2 e5 34. Qg6
Rb8 35. dxe5 fxe5 36. Qd6 Rc8 37. Qxc7 Rxc7 38. a4 Kg8 39. Rb4 Kf8 40. f4 e4 41.
f3 exf3+ 42. Kxf3 Re7 43. f5 Kf7 44. e4 dxe4+ 45. Rxe4 Rd7 46. Kf4 Ra5 47. Reb4
Kf6 48. Rxb7 Rxb7 49. Rxb7 Rxa4+ 50. Kf3 Rc4 51. Rc7 Rxc5 52. Kg4 Rc4+ 53. Kh5
Rc3 54. h4 Rc5 55. Kg4 Rc2 56. Kh5 c5 57. Rc6+ Kxf5 58. Rxc5+ Rxc5 1/2-1/2

[Event "4NCL 2014-15"]
[Site "Hinckley Island ENG"]
[Date "2014.11.15"]
[Round "1.141"]
[White "Cobb, James"]
[Black "Wells, Peter K"]
[Result "1/2-1/2"]
[WhiteTitle "IM"]
[BlackTitle "GM"]
[WhiteElo "2423"]
[BlackElo "2457"]
[WhiteTeam "South Wales Dragons"]
[BlackTeam "White Rose 1"]
[WhiteFideId "1800949"]
[BlackFideId "400327"]
[EventDate "2014.11.15"]

1. Nf3 d5 2. g3 c6 3. Bg2 Bg4 4. O-O Nd7 5. d4 e6 6. Nbd2 Ngf6 7. Re1 Be7 8. e4
O-O 9. c3 Bh5 10. e5 Ne8 11. Nb3 Nc7 12. Be3 b6 13. Nc1 c5 14. Nd3 c4 15. Nf4
Bg4 16. Qd2 b5 17. h4 Bxf3 18. Bxf3 a5 19. Bd1 b4 20. Qe2 a4 21. Bc2 b3 22. Bd1
Re8 23. a3 Nb5 24. Qg4 Kh8 25. Bf3 Rb8 26. Bd2 Nf8 27. Kg2 Nxa3 28. Rxa3 Bxa3
29. bxa3 b2 30. Rb1 Qe7 31. Nh5 Ng6 32. Nxg7 Kxg7 33. h5 Qxa3 34. hxg6 fxg6 35.
Bg5 Kg8 36. Bf6 Qf8 37. Bd1 a3 38. Bc2 Qf7 39. Rh1 Rb7 40. Bxg6 Qxg6 41. Qxg6+
hxg6 42. Rh8+ Kf7 43. Rh7+ Kf8 44. Rh8+ Kf7 45. Rh7+ 1/2-1/2

[Event "4NCL 2014-15"]
[Site "Hinckley Island ENG"]
[Date "2014.11.15"]
[Round "1.142"]
[White "McNab, Colin A"]
[Black "Cooper, John G"]
[Result "0-1"]
[WhiteTitle "GM"]
[BlackTitle "IM"]
[WhiteElo "2426"]
[BlackElo "2339"]
[WhiteTeam "White Rose 1"]
[BlackTeam "South Wales Dragons"]
[WhiteFideId "2400030"]
[BlackFideId "1800027"]
[EventDate "2014.11.15"]

1. c4 e6 2. Nf3 d5 3. b3 c5 4. g3 Nc6 5. Bg2 Be7 6. Bb2 d4 7. e4 e5 8. d3 Bg4 9.
h3 Be6 10. a3 h5 11. Nbd2 Nh6 12. h4 Ng4 13. Bc1 f6 14. Nf1 a6 15. N3h2 Qd7 16.
Bf3 g6 17. Ra2 b5 18. Be2 Rb8 19. f3 Nh6 20. Nd2 f5 21. cxb5 axb5 22. Qc2 f4 23.
gxf4 exf4 24. Kd1 O-O 25. Nhf1 Nf7 26. Rb2 Nfe5 27. Rh2 c4 28. bxc4 bxc4 29.
Rxb8 Rxb8 30. Nxc4 Bxc4 31. dxc4 d3 32. Qd2 dxe2+ 33. Kxe2 Nd4+ 34. Kf2 Nexf3
35. Qxf4 Rf8 0-1

[Event "4NCL 2014-15"]
[Site "Hinckley Island ENG"]
[Date "2014.11.15"]
[Round "1.143"]
[White "Redmond, John P."]
[Black "Adair, James R"]
[Result "0-1"]
[BlackTitle "IM"]
[WhiteElo "2249"]
[BlackElo "2421"]
[WhiteTeam "South Wales Dragons"]
[BlackTeam "White Rose 1"]
[WhiteFideId "2500051"]
[BlackFideId "406252"]
[EventDate "2014.11.15"]

1. Nf3 c5 2. c4 Nc6 3. Nc3 g6 4. e3 Nf6 5. d4 cxd4 6. exd4 d5 7. Bg5 Be6 8. Qb3
Na5 9. Qa3 Bg7 10. cxd5 Bxd5 11. Bb5+ Nc6 12. Nxd5 Qxd5 13. Bxc6+ Qxc6 14. O-O
Qd6 15. Qa4+ Qd7 16. Qxd7+ Kxd7 17. Ne5+ Ke8 18. Rac1 Nd5 19. Nf3 h5 20. h4 Kd7
21. Rc5 e6 22. Rfc1 f6 23. Bd2 Bf8 24. R5c2 Bd6 25. g3 Bc7 26. Kf1 Bb6 27. Ke2
Rhd8 28. a3 Ke8 29. Be3 Ne7 30. Rc4 Rd5 31. Rd1 Rad8 32. Rd2 Nf5 33. Rdc2 Nd6
34. R4c3 Ra5 35. Nd2 Nb5 36. Rd3 Nxd4+ 37. Bxd4 Rxd4 38. Rxd4 Bxd4 39. Nb3 Re5+
40. Kf3 Bb6 41. Kg2 Rb5 42. Nd2 Bd4 43. b4 Kd7 44. Nb3 Bb6 45. Nc1 Rd5 46. Ne2
e5 47. Nc3 Rd3 48. a4 f5 49. Kf1 Rd4 50. a5 Bd8 51. Rb2 Be7 52. b5 Bb4 53. Na4
Ba3 54. b6 Rxa4 0-1

[Event "4NCL 2014-15"]
[Site "Hinckley Island ENG"]
[Date "2014.11.15"]
[Round "1.144"]
[White "Palliser, Richard J D"]
[Black "Zeidler, Sven P."]
[Result "1/2-1/2"]
[WhiteTitle "IM"]
[BlackTitle "FM"]
[WhiteElo "2444"]
[BlackElo "2225"]
[WhiteTeam "White Rose 1"]
[BlackTeam "South Wales Dragons"]
[WhiteFideId "407372"]
[BlackFideId "1800604"]
[EventDate "2014.11.15"]

1. d4 f5 2. c4 Nf6 3. Nc3 d6 4. Bg5 Nbd7 5. Qc2 g6 6. O-O-O Bg7 7. Nh3 e5 8.
dxe5 dxe5 9. e4 fxe4 10. Nxe4 Qe7 11. c5 O-O 12. f3 Nb8 13. Nhf2 Qf7 14. Bxf6
Bxf6 15. Bc4 Be6 16. Bxe6 Qxe6 17. Nxf6+ Rxf6 18. Ng4 Rf8 19. Qb3 Qxb3 20. axb3
Na6 21. Rd7 e4 22. fxe4 Nxc5 23. Rxc7 Nxe4 24. Nh6+ Kh8 25. Nf7+ Kg8 26. Nh6+
Kh8 27. Nf7+ Kg8 28. Nh6+ 1/2-1/2

[Event "4NCL 2014-15"]
[Site "Hinckley Island ENG"]
[Date "2014.11.15"]
[Round "1.145"]
[White "Morris, Charles F"]
[Black "Gourlay, Iain"]
[Result "0-1"]
[BlackTitle "FM"]
[WhiteElo "2152"]
[BlackElo "2378"]
[WhiteTeam "South Wales Dragons"]
[BlackTeam "White Rose 1"]
[WhiteFideId "1800140"]
[BlackFideId "2401533"]
[EventDate "2014.11.15"]

1. c4 c6 2. Nf3 d5 3. g3 Nf6 4. Bg2 dxc4 5. O-O Nbd7 6. Qc2 Nb6 7. a4 a5 8. Na3
Be6 9. Rd1 Nfd5 10. Ng5 Nb4 11. Nxe6 Nxc2 12. Nxd8 Nxa1 13. Nxb7 Kd7 14. Nc5+
Kc7 15. d4 e5 16. Be3 Nb3 17. Nxb3 cxb3 18. Rc1 Bxa3 19. Rxc6+ Kd7 20. dxe5 Nxa4
21. bxa3 b2 22. Rd6+ Ke7 23. Rd1 Rab8 24. Be4 Nc3 25. Bc5+ Ke6 26. Rd6+ Kxe5 27.
Bb1 Nxb1 28. f4+ Kf5 29. Rd5+ Kg6 30. f5+ Kf6 31. e4 Nc3 32. Bd4+ Ke7 0-1

[Event "4NCL 2014-15"]
[Site "Hinckley Island ENG"]
[Date "2014.11.15"]
[Round "1.146"]
[White "Townsend, M Paul"]
[Black "James, David J"]
[Result "1-0"]
[BlackTitle "FM"]
[WhiteElo "2249"]
[BlackElo "2149"]
[WhiteTeam "White Rose 1"]
[BlackTeam "South Wales Dragons"]
[WhiteFideId "402320"]
[BlackFideId "1800272"]
[EventDate "2014.11.15"]

1. d4 Nf6 2. c4 e6 3. g3 Bb4+ 4. Bd2 Be7 5. Bg2 d5 6. Nf3 O-O 7. O-O c6 8. Qc2
Nbd7 9. Bf4 Nh5 10. Bc1 f5 11. Nbd2 b5 12. cxd5 cxd5 13. Nb3 Bb7 14. Bd2 Rc8 15.
Qd3 Qb6 16. a3 Rc4 17. Ba5 Qa6 18. Bb4 Re8 19. Nbd2 Rcc8 20. Bxe7 Rxe7 21. Rfc1
Ree8 22. e3 Qb6 23. b4 Rxc1+ 24. Rxc1 Rc8 25. Rxc8+ Bxc8 26. Qc3 Bb7 27. Nb3
Nhf6 28. Ne5 Nxe5 29. dxe5 Nd7 30. f4 Qc6 31. Qxc6 Bxc6 32. Nd4 Bb7 33. Nxe6 g6
34. Nc7 1-0

[Event "4NCL 2014-15"]
[Site "Hinckley Island ENG"]
[Date "2014.11.15"]
[Round "1.147"]
[White "Jameson, David"]
[Black "Webb, Matthew D"]
[Result "0-1"]
[WhiteElo "2068"]
[BlackElo "2194"]
[WhiteTeam "South Wales Dragons"]
[BlackTeam "White Rose 1"]
[WhiteFideId "1801538"]
[BlackFideId "418250"]
[EventDate "2014.11.15"]

1. e4 c5 2. Nc3 e6 3. Nf3 Nc6 4. d4 cxd4 5. Nxd4 Qc7 6. Be2 a6 7. a3 Nf6 8. Be3
Be7 9. O-O O-O 10. Nb3 Rd8 11. Qc1 d5 12. exd5 exd5 13. Rd1 Bd6 14. g3 Be5 15.
Nd4 Bg4 16. Nxc6 bxc6 17. Bd4 Bxd4 18. Rxd4 Bxe2 19. Nxe2 Qe5 20. Qd1 c5 21. Rd2
Ne4 22. Rd3 Qxb2 23. c4 Qf6 24. f3 dxc4 25. Rxd8+ Rxd8 26. fxe4 Rxd1+ 27. Rxd1
g5 28. Rd5 Qf3 29. Rxg5+ Kf8 30. Nf4 c3 31. Rf5 Qe3+ 0-1

[Event "4NCL 2014-15"]
[Site "Hinckley Island ENG"]
[Date "2014.11.15"]
[Round "1.151"]
[White "Suarez Garcia, Carlos"]
[Black "Sadler, Matthew D"]
[Result "0-1"]
[WhiteTitle "FM"]
[BlackTitle "GM"]
[WhiteElo "2376"]
[BlackElo "2658"]
[WhiteTeam "Hackney 1"]
[BlackTeam "Guildford 1"]
[WhiteFideId "22230858"]
[BlackFideId "400173"]
[EventDate "2014.11.15"]

1. d4 Nf6 2. c4 e6 3. g3 d5 4. Nf3 Bb4+ 5. Bd2 Be7 6. Bg2 c6 7. Qc2 Nbd7 8. O-O
b6 9. Rd1 Ba6 10. Ne5 Nxe5 11. dxe5 Nd7 12. cxd5 cxd5 13. e4 d4 14. Qa4 Qc8 15.
Qxd4 O-O 16. Bc3 Rd8 17. Nd2 Nc5 18. Qe3 Rd3 19. Qf4 Na4 20. Bf1 Nxc3 21. bxc3
Rxc3 22. Bxa6 Qxa6 23. Nb3 Rac8 24. Rd7 R3c7 25. Rxc7 Rxc7 26. Qd2 Qb5 27. Rd1
h6 28. Qd4 a5 29. Qd3 Qxd3 30. Rxd3 a4 31. Nd2 Rc2 32. a3 b5 33. Nf3 Ra2 34. Nd4
Rxa3 35. Rd1 b4 36. Nc6 Bc5 37. Rd8+ Kh7 38. Rb8 b3 39. Rb5 Ra2 40. Rxc5 b2 0-1

[Event "4NCL 2014-15"]
[Site "Hinckley Island ENG"]
[Date "2014.11.15"]
[Round "1.152"]
[White "Van Kampen, Robin"]
[Black "Lyell, Mark"]
[Result "1-0"]
[WhiteTitle "GM"]
[BlackTitle "FM"]
[WhiteElo "2615"]
[BlackElo "2256"]
[WhiteTeam "Guildford 1"]
[BlackTeam "Hackney 1"]
[WhiteFideId "1020854"]
[BlackFideId "402354"]
[EventDate "2014.11.15"]

1. e4 c6 2. d4 d5 3. e5 c5 4. dxc5 Nc6 5. Bb5 e6 6. Be3 Ne7 7. c3 Bd7 8. Bxc6
Bxc6 9. Nf3 Nf5 10. Bd4 Nxd4 11. Qxd4 Qc7 12. b4 b6 13. cxb6 axb6 14. O-O Be7
15. a3 Bb5 16. Rc1 O-O 17. Nbd2 Rfc8 18. Qe3 Ra4 19. Nd4 Bc4 20. f4 Rca8 21. f5
exf5 22. Nxf5 Bf8 23. Re1 Rxa3 24. Rxa3 Rxa3 25. Nxc4 dxc4 26. e6 fxe6 27. Qxe6+
Qf7 28. Qc8 Ra7 29. Rf1 Rc7 30. Qa8 Ra7 31. Qe4 b5 32. Nh6+ gxh6 33. Rxf7 Rxf7
34. Qd5 Bg7 35. Qxb5 Bxc3 36. Qxc4 1-0

[Event "4NCL 2014-15"]
[Site "Hinckley Island ENG"]
[Date "2014.11.15"]
[Round "1.153"]
[White "Eames, Robert S"]
[Black "Edouard, Romain"]
[Result "1/2-1/2"]
[WhiteTitle "FM"]
[BlackTitle "GM"]
[WhiteElo "2237"]
[BlackElo "2638"]
[WhiteTeam "Hackney 1"]
[BlackTeam "Guildford 1"]
[WhiteFideId "408743"]
[BlackFideId "633429"]
[EventDate "2014.11.15"]

1. e4 c5 2. Nf3 d6 3. d4 cxd4 4. Nxd4 Nf6 5. Nc3 Nc6 6. Bc4 Na5 7. Be2 g6 8. f4
a6 9. b3 Bg7 10. Bb2 Nc6 11. Nxc6 bxc6 12. e5 dxe5 13. Qxd8+ Kxd8 14. fxe5 Ng4
15. O-O-O+ Kc7 16. Bxg4 Bxg4 17. Rde1 Rad8 18. Ne4 Bf5 19. Bc3 Rd5 20. Ng3 Be6
21. Kb2 Rb8 22. Ne2 g5 23. Ng3 Bh8 24. Rhf1 Kd7 25. Rd1 Ke8 26. Rde1 h6 27. Nf5
h5 28. Nd4 Kd7 29. Nf3 g4 30. Nd2 Rg8 31. Rf4 Rg5 32. Nc4 Ke8 33. Rfe4 Rc5 34.
Bd4 Rb5 35. a4 Rb8 36. Nb6 Kd8 37. a5 Kc7 38. c4 Bf5 39. R4e3 g3 40. h3 Rd8 41.
Kc3 Rdg8 42. Na4 Bc8 43. Rf1 Rf5 44. Rxf5 Bxf5 45. Nc5 Bc8 1/2-1/2

[Event "4NCL 2014-15"]
[Site "Hinckley Island ENG"]
[Date "2014.11.15"]
[Round "1.154"]
[White "Pert, Nicholas"]
[Black "Eden, Tomer"]
[Result "1-0"]
[WhiteTitle "GM"]
[WhiteElo "2562"]
[BlackElo "2175"]
[WhiteTeam "Guildford 1"]
[BlackTeam "Hackney 1"]
[WhiteFideId "403989"]
[BlackFideId "2808439"]
[EventDate "2014.11.15"]

1. d4 d5 2. Nf3 Nf6 3. c4 c6 4. e3 Bf5 5. Nc3 e6 6. Nh4 Bg6 7. Qb3 Qb6 8. Nxg6
hxg6 9. Bd2 Nbd7 10. Bd3 Qxb3 11. axb3 a6 12. h3 O-O-O 13. O-O Bd6 14. Rfd1 Bc7
15. Be1 g5 16. f3 Nh5 17. Ne2 g6 18. e4 dxe4 19. fxe4 c5 20. dxc5 Nxc5 21. Bc2
e5 22. b4 Ne6 23. b5 Bb6+ 24. Bf2 Bxf2+ 25. Kxf2 axb5 26. cxb5 Kc7 27. Bb3 Nhf4
28. Nc3 f6 29. Bxe6 Nxe6 30. Nd5+ Kb8 31. b6 Rc8 32. Kg1 Rhf8 33. Rf1 Nf4 34.
Ra5 Rcd8 35. Ne7 1-0

[Event "4NCL 2014-15"]
[Site "Hinckley Island ENG"]
[Date "2014.11.15"]
[Round "1.155"]
[White "Cenal Gutierrez, Ruben"]
[Black "Suarez Real, Alberto"]
[Result "1-0"]
[WhiteTitle "FM"]
[BlackTitle "IM"]
[WhiteElo "2216"]
[BlackElo "2403"]
[WhiteTeam "Hackney 1"]
[BlackTeam "Guildford 1"]
[WhiteFideId "2211750"]
[BlackFideId "2218534"]
[EventDate "2014.11.15"]

1. e4 c5 2. Nf3 Nc6 3. Nc3 Nf6 4. d4 cxd4 5. Nxd4 e5 6. Ndb5 d6 7. Bg5 a6 8. Na3
b5 9. Nd5 Be7 10. Bxf6 Bxf6 11. c3 O-O 12. Nc2 Bg5 13. a4 bxa4 14. Rxa4 a5 15.
Bc4 Rb8 16. b3 Kh8 17. Nce3 g6 18. O-O f5 19. exf5 gxf5 20. b4 axb4 21. cxb4 Qd7
22. b5 Nd4 23. f4 Bd8 24. Qa1 Bb7 25. Rd1 Bxd5 26. Nxd5 Qg7 27. Ra7 Rf7 28. Rxf7
Qxf7 29. Qa6 Qd7 30. fxe5 dxe5 31. Qa3 Qg7 32. Qd6 Rc8 33. b6 Bg5 34. b7 Qxb7
35. Qxe5+ Qg7 36. Qxd4 Qxd4+ 37. Rxd4 Rd8 38. Kf2 Kg7 39. Kf3 Bf6 40. Rd3 Be5
41. g3 1-0

[Event "4NCL 2014-15"]
[Site "Hinckley Island ENG"]
[Date "2014.11.15"]
[Round "1.156"]
[White "Le Roux, Jean-Pierre"]
[Black "Walker, Nicholas P"]
[Result "1-0"]
[WhiteTitle "GM"]
[WhiteElo "2539"]
[BlackElo "2170"]
[WhiteTeam "Guildford 1"]
[BlackTeam "Hackney 1"]
[WhiteFideId "609404"]
[BlackFideId "421901"]
[EventDate "2014.11.15"]

1. d4 d5 2. Nf3 Nf6 3. c4 c6 4. g3 Bf5 5. cxd5 Nxd5 6. Nbd2 Qa5 7. Bg2 Nb4 8.
O-O Bc2 9. Qe1 e6 10. Nc4 Qa6 11. Na3 Be4 12. Bd2 Nd5 13. Ne5 Bxg2 14. Kxg2 f6
15. Nec4 Nd7 16. e4 N5b6 17. Rc1 Nxc4 18. Nxc4 c5 19. d5 e5 20. Qd1 O-O-O 21. f4
Nb6 22. Nxb6+ axb6 23. fxe5 fxe5 24. Rc3 Kb8 25. Bg5 Rd7 26. Qg4 Kc7 27. Ra3 h5
28. Qf5 Qe2+ 29. Rf2 Qg4 30. Ra8 Be7 31. Rxh8 Qxg5 32. Rxh5 Qxf5 33. Rhxf5 Bf6
34. g4 Bh4 35. R2f3 c4 36. Rf7 Bf6 37. Rxd7+ Kxd7 38. b3 b5 39. bxc4 bxc4 40.
Rc3 b5 41. a4 Kd6 42. axb5 Kc5 43. b6 Be7 44. b7 Bd6 45. Kf3 Kd4 46. Rc1 Kd3 47.
h4 c3 48. g5 Kd2 49. Rf1 c2 50. h5 1-0

[Event "4NCL 2014-15"]
[Site "Hinckley Island ENG"]
[Date "2014.11.15"]
[Round "1.157"]
[White "Ociepka, Adrian"]
[Black "Flear, Glenn C"]
[Result "0-1"]
[BlackTitle "GM"]
[WhiteElo "2124"]
[BlackElo "2460"]
[WhiteTeam "Hackney 1"]
[BlackTeam "Guildford 1"]
[WhiteFideId "1141937"]
[BlackFideId "400165"]
[EventDate "2014.11.15"]

1. e4 e5 2. Nf3 Nc6 3. Bb5 a6 4. Ba4 Nf6 5. d3 d6 6. c3 g6 7. Nbd2 Bg7 8. Nf1
O-O 9. Bg5 b5 10. Bc2 d5 11. exd5 Qxd5 12. Ne3 Qd6 13. O-O Nh5 14. a4 Bb7 15.
axb5 axb5 16. Rxa8 Rxa8 17. Nd2 h6 18. Bh4 Nf4 19. Ne4 Qf8 20. b4 Ra3 21. Bf6
Bxf6 22. Nxf6+ Kg7 23. Ne4 Nd8 24. d4 Bxe4 25. Bxe4 f5 26. Bd3 exd4 27. Bxb5
dxe3 28. Qd4+ Qf6 29. Qxf4 exf2+ 30. Rxf2 Rxc3 31. Rd2 Qb6+ 32. Qd4+ Qxd4+ 33.
Rxd4 Nf7 34. h3 Nd6 35. Be2 Kf6 36. Bf3 Rc4 37. Rxc4 Nxc4 38. Bd5 Ne3 39. Bb3 f4
40. Kf2 Nf5 41. Bg8 g5 42. Kf3 Nd4+ 43. Ke4 Nc2 44. h4 Nxb4 45. hxg5+ hxg5 46.
g3 fxg3 47. Kf3 Ke5 48. Kxg3 Nd5 0-1

[Event "4NCL 2014-15"]
[Site "Hinckley Island ENG"]
[Date "2014.11.15"]
[Round "1.158"]
[White "Ciuksyte, Dagne"]
[Black "Roberts, Lynda"]
[Result "1-0"]
[WhiteTitle "IM"]
[BlackTitle "WCM"]
[WhiteElo "2340"]
[BlackElo "1910"]
[WhiteTeam "Guildford 1"]
[BlackTeam "Hackney 1"]
[WhiteFideId "12800619"]
[BlackFideId "1800191"]
[EventDate "2014.11.15"]

1. e4 c5 2. Nf3 g6 3. d4 cxd4 4. Nxd4 Nc6 5. c4 Nf6 6. Nc3 d6 7. Be2 Nxd4 8.
Qxd4 Bg7 9. O-O O-O 10. Qd1 b6 11. Bg5 Bb7 12. f3 h6 13. Be3 Qd7 14. Qd2 Kh7 15.
Rad1 Qc6 16. Rfe1 Rfe8 17. c5 Red8 18. cxb6 axb6 19. Rc1 Ba6 20. Nd5 Qb7 21. Rc7
Qb8 22. Rxe7 Nxd5 23. Qxd5 Rf8 24. Rxf7 Rxf7 25. Qxf7 Ra7 26. Qb3 Bxe2 27. Rxe2
Qa8 28. a3 Rb7 29. Rc2 Qa5 30. Kf2 Qh5 31. Rc8 Qh4+ 32. Kf1 g5 33. Qg8+ Kg6 34.
Qe6+ Bf6 35. Qe8+ Rf7 36. Rc7 1-0

[Event "4NCL 2014-15"]
[Site "Hinckley Island ENG"]
[Date "2014.11.15"]
[Round "1.161"]
[White "Conquest, Stuart C"]
[Black "Wallace, John Paul"]
[Result "1/2-1/2"]
[WhiteTitle "GM"]
[BlackTitle "IM"]
[WhiteElo "2491"]
[BlackElo "2388"]
[WhiteTeam "e2e4.org.uk 1"]
[BlackTeam "Cambridge University 1"]
[WhiteFideId "400181"]
[BlackFideId "3200957"]
[EventDate "2014.11.15"]

1. d4 Nf6 2. Nf3 g6 3. Bg5 Bg7 4. Nbd2 d6 5. h3 h6 6. Bh4 c5 7. e3 cxd4 8. exd4
O-O 9. Bc4 Nc6 10. O-O Nh5 11. Re1 g5 12. Nxg5 hxg5 13. Qxh5 gxh4 14. Ne4 d5 15.
Bxd5 Bf5 16. Qxf5 e6 17. Bxe6 Nxd4 18. Bxf7+ Rxf7 19. Qh5 Rf5 20. Qg4 Qf8 21.
Rad1 Rf4 22. Qh5 Qf7 23. Qxf7+ Rxf7 24. c3 Nc6 25. Ng5 Rf5 26. Nf3 Raf8 27. Rd7
Rb5 28. Re2 Bf6 29. a4 Rb3 30. Kf1 Rf7 31. Rd6 Kg7 32. Rc2 Ne5 33. Nd2 Rb6 34.
Rxb6 axb6 35. Ne4 Be7 36. Ke2 Kg6 37. b3 Kf5 38. Ke3 Bf8 39. f4 Ng6 40. g4+ hxg3
41. Nxg3+ Kf6 42. Nh5+ Ke6 43. Ke4 Nh4 44. Rd2 Rf5 45. Ng3 Rc5 46. c4 Nf5 47.
Nxf5 Rxf5 48. Rd8 Rf7 49. Rd5 Bd6 50. f5+ Kd7 51. a5 Kc6 52. axb6 Re7+ 53. Kf3
Rg7 54. Kf2 Bc5+ 55. Kf3 Bxb6 56. h4 Bc7 57. h5 Rg3+ 58. Ke4 Rg4+ 59. Kd3 Rh4
60. b4 Rxh5 61. Rc5+ Kb6 62. Rb5+ Ka6 63. Rd5 Rh3+ 64. Kd4 Rh4+ 65. Kc3 Rf4 66.
Kb3 Re4 67. Rd7 Kb6 68. Rf7 Bd8 69. Rd7 Bg5 70. Rd6+ Kc7 71. Rg6 Re3+ 72. Ka4
Bh4 73. c5 Be1 74. Re6 Rxe6 75. fxe6 Bh4 76. Kb5 Be7 77. Kc4 b6 78. Kd4 1/2-1/2

[Event "4NCL 2014-15"]
[Site "Hinckley Island ENG"]
[Date "2014.11.15"]
[Round "1.162"]
[White "Camus de Solliers, Guillaume"]
[Black "Longson, Alexander"]
[Result "1/2-1/2"]
[WhiteTitle "FM"]
[BlackTitle "FM"]
[WhiteElo "2361"]
[BlackElo "2339"]
[WhiteTeam "Cambridge University 1"]
[BlackTeam "e2e4.org.uk 1"]
[WhiteFideId "631256"]
[BlackFideId "408093"]
[EventDate "2014.11.15"]

1. d4 d5 2. c4 e6 3. Nf3 Nf6 4. Bg5 Be7 5. Nc3 h6 6. Bh4 O-O 7. e3 Ne4 8. Bxe7
Qxe7 9. Rc1 c6 10. Bd3 Nxc3 11. Rxc3 Nd7 12. O-O dxc4 13. Bxc4 b6 14. Qd3 Bb7
15. Ba6 Bxa6 16. Qxa6 c5 17. Rfc1 e5 18. Qa3 a5 19. Qb3 Rab8 20. Qb5 Rfd8 21.
Rc4 e4 22. Nd2 Ne5 23. dxe5 Rxd2 24. Rxe4 Rbd8 25. h3 Qe6 26. a4 Qf5 27. Rf4
Qxe5 28. Qc4 R8d5 29. Qc3 Rxb2 30. Qxe5 Rxe5 31. Rd1 Re7 32. Rd8+ Kh7 33. Rb8
Rc7 34. Rc4 Rc6 35. Kf1 Rb4 36. Rf4 Rxf4 37. exf4 c4 38. Ke2 c3 39. Kd1 c2+ 40.
Kc1 Kg6 41. g4 Kf6 42. Rb7 g5 43. f5 Kg7 44. Rb8 Rc4 45. Rxb6 Rxa4 46. Rb3 Rc4
47. Ra3 Rc5 48. Rd3 h5 49. f3 h4 50. Rb3 Rc4 51. Ra3 Kf6 52. Rd3 Rc7 53. Ra3 Ke5
54. Rxa5+ Kf4 55. f6 Kg3 56. Rxg5 Kxh3 57. Rg7 Kg2 58. g5 h3 59. g6 h2 60. gxf7+
Kf2 61. Rh7 Rxf7 62. Rxh2+ 1/2-1/2

[Event "4NCL 2014-15"]
[Site "Hinckley Island ENG"]
[Date "2014.11.15"]
[Round "1.163"]
[White "Sowray, Peter J"]
[Black "Haria, Ravi"]
[Result "1-0"]
[WhiteTitle "FM"]
[WhiteElo "2308"]
[BlackElo "2132"]
[WhiteTeam "e2e4.org.uk 1"]
[BlackTeam "Cambridge University 1"]
[WhiteFideId "400971"]
[BlackFideId "415820"]
[EventDate "2014.11.15"]

1. d4 e6 2. c4 b6 3. e4 Bb7 4. Bd3 Nc6 5. Ne2 e5 6. d5 Nb4 7. Nbc3 Nxd3+ 8. Qxd3
Ne7 9. O-O Ng6 10. Be3 Be7 11. Rab1 O-O 12. b4 d6 13. c5 Bc8 14. a4 f5 15. f3
Nh4 16. exf5 Bxf5 17. Ne4 Qd7 18. N2g3 Rad8 19. cxb6 cxb6 20. Nxf5 Qxf5 21. Qd2
Qg6 22. Kh1 Rc8 23. Rbc1 Qf5 24. Ng3 Qd7 25. b5 Nf5 26. Ne4 Nh4 27. Rc6 Qf5 28.
Ng3 Qf7 29. Rfc1 Rce8 30. Rc7 e4 31. fxe4 Qg6 32. Rxa7 Bf6 33. Bxb6 Be5 34. Bd4
Bf4 35. Be3 Rxe4 36. Bxf4 Rexf4 37. Qe2 Kh8 38. b6 Nf5 39. Nxf5 Qxf5 40. h3 h5
41. b7 Rf2 42. Qxf2 Qxf2 43. Ra8 Kh7 44. Rxf8 Qxf8 45. Rb1 1-0